Normal view
MARC view
- Supervised by Dr. Mian Muhammad Waseem Iqbal
Entry Personal Name
001 - CONTROL NUMBER
- control field: 127670
003 - CONTROL NUMBER IDENTIFIER
- control field: NUST
005 - DATE AND TIME OF LATEST TRANSACTION
- control field: 20250120145614.0
008 - FIXED-LENGTH DATA ELEMENTS
- fixed length control field: 250120|| aca||aabn | a|a d
040 ## - CATALOGING SOURCE
- Original cataloging agency: NUST
- Transcribing agency: NUST
100 ## - HEADING--PERSONAL NAME
- Personal name: Supervised by Dr. Mian Muhammad Waseem Iqbal
670 ## - SOURCE DATA FOUND
- Source citation: Work cat.: (NUST): Fahd, Shah 35027, On the Implementation of Mathematical Backdoors in Cryptographic Algorithms and Protocols/
